000 00774nam a22001697a 4500
003 OSt
005 20251216130553.0
008 251215b |||||||| |||| 00| 0 eng d
040 _cDCL
082 _a၂၉၄.၃၈၂၄
100 0 _aကျော်ထွတ်၊
_cဦး၊ ဆရာ-
245 1 0 _aဝိုင်-အမ်-ဘီ-အေ-အဘိဓမ္မာ (စေတသိက်ပို့ချချက်များ) /
_cဆရာဦးကျော်ထွတ်။
264 _aရန်ကုန် ၊
_bသာသနာရေးဦးစီး၊
_c၁၉၈၀။
300 _a၄၅၂ စာမျက်နှာ ၊
_c၂၀ စင်တီ။
650 _aအဘိဓမ္မာ။
942 _2ddc
_cSHORT TERM
_n0
999 _c2714
_d2714